[Event "Kragero Resort Chess 2017"]
[Site "masterchessopen.com Kragero NOR"]
[Date "2017.02.23"]
[Round "3.2"]
[White "Chatalbashev,B"]
[Black "Lie,K"]
[Result "0-1"]
[WhiteElo "2550"]
[BlackElo "2525"]

1.d4 Nf6 2.c4 e6 3.Nc3 Bb4 4.Nf3 O-O 5.Bg5 c5 6.e3 cxd4 7.exd4 h6 8.Bh4 d5
9.Rc1 Nc6 10.c5 e5 11.Nxe5 Nxe5 12.dxe5 d4 13.a3 dxc3 14.axb4 cxb2 15.Rb1
Qxd1+ 16.Kxd1 Rd8+ 17.Ke1 Rd4 18.exf6 Rxb4 19.Bd3 Rxh4 20.Rxb2 gxf6 21.Ke2 Rh5
22.Rc1 Re5+ 23.Kf3 a5 24.Be4 Ra7 25.Rd2 Be6 26.Rb2 Bc8 27.Rd2 Kg7 28.Kf4 a4
29.Rc3 Ra5 30.c6 bxc6 31.h4 a3 32.Ra2 Ra4 33.f3 Rea5 34.Ke3 Be6 35.Ra1 Bd5
36.Bc2 Rc4 37.Rxc4 Bxc4 38.Kd4 Bd5 39.Kc3 a2 40.Kb4 Rb5+ 41.Kc3 Rc5+ 42.Kb2
Rc4 43.h5 Rh4 44.g4 Rh2 {#R} 0-1

[Event "Kragero Resort Chess 2017"]
[Site "masterchessopen.com Kragero NOR"]
[Date "2017.02.23"]
[Round "3.4"]
[White "Kveinys,A"]
[Black "Thorfinnsson,Br"]
[Result "1-0"]
[WhiteElo "2508"]
[BlackElo "2453"]

1.d4 e6 2.e4 d5 3.Nd2 Nc6 4.Ngf3 Nf6 5.e5 Nd7 6.Be2 f6 7.exf6 Qxf6 8.Nf1 Bd6
9.Ne3 Nb6 10.Bb5 h5 11.O-O Bd7 12.c4 dxc4 13.Nxc4 Nxc4 14.Bxc4 Na5 15.Bg5 Qf7
16.Bd3 Nc6 17.Nh4 {#r} 1-0

[Event "ch-CHI 2017"]
[Site "masterchessopen.com Santiago CHI"]
[Date "2017.02.23"]
[Round "5.1"]
[White "Perez Gormaz,M"]
[Black "Gutierrez Montes,Sebastian"]
[Result "1-0"]
[WhiteElo "2407"]
[BlackElo "2166"]

1.e4 c5 2.Nc3 Nc6 3.Bb5 Nd4 4.Nf3 g6 5.Bc4 Bg7 6.Nxd4 cxd4 7.Qf3 e6 8.Nb5 d6
9.Qa3 Ke7 10.c3 dxc3 11.dxc3 a6 12.Nd4 Qc7 13.Bd3 e5 14.Nc2 Be6 15.f4 Qc5
16.Nb4 Rc8 17.Qa4 a5 18.Nc2 Bd7 19.Qb3 b5 20.Be3 Qc6 21.fxe5 dxe5 22.O-O f6
23.Rad1 Ke8 24.Na3 Rb8 25.c4 b4 26.Nb5 Ne7 27.a3 bxa3 28.Qxa3 Nc8 29.Qxa5 Rb7
30.b3 {#r} 1-0

[Event "ch-CHI 2017"]
[Site "masterchessopen.com Santiago CHI"]
[Date "2017.02.23"]
[Round "5.2"]
[White "Henriquez Villagra,C"]
[Black "Olivares Olivares,C"]
[Result "1-0"]
[WhiteElo "2538"]
[BlackElo "2320"]

1.e4 c5 2.Nf3 d6 3.Bb5+ Nd7 4.O-O Nf6 5.Re1 a6 6.Bd3 g6 7.c3 Bg7 8.Bc2 Ne5
9.d4 Nxf3+ 10.Qxf3 O-O 11.dxc5 dxc5 12.e5 Nd7 13.Bf4 Qb6 14.Nd2 Qxb2 15.Bb3
Nxe5 16.Bxe5 Qxd2 17.Bxg7 Kxg7 18.Rxe7 Bf5 19.Rd1 Qg5 20.Qxb7 Kh6 21.Rxf7 Rxf7
22.Qxf7 Be4 23.g3 Bc6 24.Qe6 Bf3 25.h4 Qf5 26.Qe3+ Kg7 27.Qe7+ Kh6 28.Rd7 Rh8
29.Qe3+ Kh5 30.Rd5 {#r} 1-0

[Event "ch-CHI 2017"]
[Site "masterchessopen.com Santiago CHI"]
[Date "2017.02.23"]
[Round "6.1"]
[White "Gutierrez Montes,Sebastian"]
[Black "Salinas Herrera,P"]
[Result "0-1"]
[WhiteElo "2166"]
[BlackElo "2464"]

1.e4 c5 2.Nf3 Nc6 3.d4 cxd4 4.Nxd4 Qc7 5.Nc3 e6 6.Nxc6 bxc6 7.Bd3 Nf6 8.O-O d5
9.exd5 Nxd5 10.Re1 Nxc3 11.bxc3 Be7 12.Qf3 Bd6 13.h3 O-O 14.Bg5 f6 15.Bd2 Kh8
16.Rad1 f5 17.Bc4 e5 18.Bg5 e4 19.Qh5 Bd7 20.Qh4 Rae8 21.Be3 Bc8 22.Re2 f4
23.Bc1 Be7 24.Qh5 g6 25.Qh6 Qe5 26.Rde1 e3 27.Bxe3 fxe3 28.Rxe3 Qf6 29.Rf3 Qg5
30.Qxg5 Bxg5 31.Rxf8+ Rxf8 32.Re5 Bd8 {#R} 0-1

[Event "ch-CHI 2017"]
[Site "masterchessopen.com Santiago CHI"]
[Date "2017.02.23"]
[Round "6.3"]
[White "Sanchez Sandoval,Gonzalo"]
[Black "Hernandez Riera,J"]
[Result "0-1"]
[WhiteElo "2256"]
[BlackElo "2204"]

1.Nf3 d5 2.c4 e6 3.e3 c5 4.d4 Nc6 5.Nc3 Nf6 6.a3 a6 7.dxc5 Bxc5 8.b4 Bd6
9.cxd5 exd5 10.Bb2 O-O 11.Be2 Re8 12.O-O Bf5 13.Rc1 Rc8 14.Na4 Ne4 15.Nc5 Nxc5
16.bxc5 Bb8 17.Qb3 Qd7 18.Rfd1 Rcd8 19.Qc3 Ne5 20.Nd4 Bg4 21.f4 Bxe2 22.Nxe2
Qg4 23.Nd4 Nc4 24.Rd3 Re4 25.Rf1 h5 26.Rf3 h4 27.Ba1 f6 28.Qb3 Qd7 29.Ne2 Rde8
30.Bd4 Qf7 31.Nc3 f5 32.Rh3 R4e7 33.Kf2 g5 34.fxg5 f4 35.exf4 Qxf4+ 36.Rhf3
Qxh2 37.Bf6 Re1 {#R} 0-1

[Event "ch-CHI 2017"]
[Site "masterchessopen.com Santiago CHI"]
[Date "2017.02.23"]
[Round "6.4"]
[White "Vergara Jofre,Felipe"]
[Black "Valenzuela Fuentealba,L"]
[Result "0-1"]
[WhiteElo "2309"]
[BlackElo "2443"]

1.e4 c5 2.Nf3 d6 3.d4 cxd4 4.Nxd4 Nf6 5.Nc3 a6 6.a4 e5 7.Nf3 Qc7 8.Bg5 Nbd7
9.Nd2 h6 10.Bh4 g5 11.Bg3 Nc5 12.Bc4 Be6 13.Qe2 Bg7 14.a5 Rd8 15.O-O O-O 16.b3
d5 17.exd5 Nxd5 18.Nxd5 Bxd5 19.Rfe1 Qc6 20.Bxd5 Rxd5 21.Nc4 e4 22.Rad1 Rfd8
23.Rxd5 Rxd5 24.h4 gxh4 25.Bxh4 Qe6 26.Bg3 Rd8 27.Rd1 Rd5 28.Rxd5 Qxd5 29.Qd2
Qxd2 30.Nxd2 Bc3 31.Nc4 Kg7 32.Bc7 Ne6 33.Bb6 Bb4 34.Kf1 f5 35.c3 Bxc3 36.Nd6
Kf6 37.Nxb7 Ke5 38.g3 Bb4 39.Be3 h5 40.Kg2 Kd5 41.Bb6 Be7 42.b4 Kc6 43.Nc5
Nxc5 44.bxc5 Bxc5 45.Bd8 Kd7 46.Bf6 Bb4 47.Kh3 Bxa5 48.Bd4 Bd8 {#R} 0-1

[Event "ch-CHI 2017"]
[Site "masterchessopen.com Santiago CHI"]
[Date "2017.02.23"]
[Round "6.5"]
[White "Olivares Olivares,C"]
[Black "Aguirre Contreras,Cristian"]
[Result "0-1"]
[WhiteElo "2320"]
[BlackElo "2254"]

1.e4 c6 2.d4 g6 3.Nc3 Bg7 4.Be3 d5 5.Nf3 Nf6 6.e5 Ne4 7.Nxe4 dxe4 8.Ng5 c5
9.Bb5+ Nc6 10.Bxc6+ bxc6 11.Nxe4 cxd4 12.Bxd4 Qd5 13.Qd3 Bf5 14.f3 Rd8 15.Rd1
Qxa2 16.Qe2 O-O 17.O-O Rxd4 18.Rxd4 Qxb2 19.Rc4 Bxe5 20.Kh1 a5 21.Ng3 Be6
22.Rxc6 a4 23.f4 Bd6 24.f5 Bd7 25.Rxd6 exd6 26.f6 Bb5 {#R} 0-1

[Event "ch-CHI 2017"]
[Site "masterchessopen.com Santiago CHI"]
[Date "2017.02.23"]
[Round "6.6"]
[White "Perez Gormaz,M"]
[Black "Henriquez Villagra,C"]
[Result "0-1"]
[WhiteElo "2407"]
[BlackElo "2538"]

1.e4 c5 2.Nc3 d6 3.f4 Nc6 4.Bb5 Bd7 5.Nf3 e6 6.O-O Be7 7.d3 a6 8.Bxc6 Bxc6
9.Qe1 g6 10.b3 Nf6 11.Bb2 Nh5 12.Ne2 Rg8 13.c4 f5 14.Rd1 Qc7 15.Ng5 Bxg5
16.fxg5 O-O-O 17.g4 fxg4 18.Qh4 e5 19.Qxg4+ Bd7 20.Qg2 Be6 21.Rf3 Qa5 22.Ra1
Rdf8 23.Bc3 Qa3 24.Qf2 Rxf3 25.Qxf3 Kd7 26.Qf1 Ke7 27.Bd2 Rf8 28.Qb1 b5 29.Nc3
Nf4 30.Bxf4 Rxf4 31.cxb5 axb5 32.Qc2 c4 33.bxc4 Qc5+ 34.Kh1 Rf2 35.Qd1 Qe3
{#R} 0-1

[Event "ch-UKR Girls U20 2017"]
[Site "masterchessopen.com Lviv UKR"]
[Date "2017.02.23"]
[Round "4.2"]
[White "Barchuk,Irina"]
[Black "Bezkorovaina,M"]
[Result "0-1"]
[WhiteElo "2139"]
[BlackElo "2125"]

1.e4 e5 2.Nf3 Nc6 3.Bc4 Nf6 4.Ng5 d5 5.exd5 b5 6.Bxb5 Qxd5 7.Bf1 Bc5 8.Nc3
Bxf2+ 9.Kxf2 Qd4+ 10.Ke1 Qh4+ 11.g3 Qxg5 12.Bg2 Bd7 13.d3 Qg6 14.Ne4 O-O
15.Nxf6+ Qxf6 16.Rf1 Qg6 17.Kf2 Rab8 18.Kg1 Nd4 19.Rf2 Bg4 20.Qe1 Qh5 21.Qe3
Bd1 22.c3 Nc2 23.Bf3 Qg6 24.Qd2 Bxf3 25.Qxc2 Ba8 26.Qe2 f5 27.Kf1 Rbd8 28.Be3
Qc6 29.Ke1 f4 30.Bxa7 fxg3 31.hxg3 Rxf2 32.Bxf2 Qh1+ 33.Qf1 Qh6 34.Qe2 Rf8
35.Qe3 Qh1+ 36.Bg1 Qg2 37.Bf2 Qh1+ 38.Bg1 Qg2 39.Bf2 e4 40.Rd1 exd3 41.Rxd3
Bc6 42.Qd4 h6 43.g4 Bf3 44.Qc4+ Kh7 45.Qc5 Re8+ 46.Kd2 Re2+ 47.Kc1 Qf1+ 48.Rd1
Rc2+ {#R} 0-1

[Event "Aeroflot Open A 2017"]
[Site "masterchessopen.com Moscow RUS"]
[Date "2017.02.24"]
[Round "4.6"]
[White "Sethuraman,S"]
[Black "Inarkiev,E"]
[Result "0-1"]
[WhiteElo "2623"]
[BlackElo "2723"]

1.e4 e5 2.Nf3 Nc6 3.Bc4 Bc5 4.O-O Nf6 5.d3 d6 6.c3 a6 7.a4 h6 8.Re1 O-O 9.h3
Re8 10.Nbd2 Ba7 11.b4 Be6 12.Bxe6 Rxe6 13.Qc2 Qd7 14.Nf1 d5 15.Ng3 Rd8 16.Qb3
Ne7 17.c4 dxc4 18.dxc4 Nc6 19.Bb2 Qd3 20.Qc3 a5 21.bxa5 Bc5 22.Rab1 Bb4
23.Qxd3 Rxd3 24.Red1 Rxd1+ 25.Rxd1 Re8 26.Rb1 Nd7 27.Nf5 f6 28.Ne3 Bd6 29.Nd2
Ra8 30.Nb3 Nxa5 31.Nxa5 Rxa5 32.Bc3 Rxa4 33.Rxb7 Nc5 34.Rb8+ Kf7 35.f3 Nd7
36.Rd8 Ke7 37.Rg8 Kf7 38.Rd8 Ke7 39.Rg8 Bc5 40.Rxg7+ Ke6 41.Bd2 Ra2 42.Kh2
Rxd2 43.Nd5 Bd6 44.c5 Nxc5 45.Nxc7+ Bxc7 46.Rxc7 Nd3 47.Rg7 Nf4 48.Kh1 Rd7
49.Rxd7 Kxd7 {#R} 0-1

[Event "Aeroflot Open A 2017"]
[Site "masterchessopen.com Moscow RUS"]
[Date "2017.02.24"]
[Round "4.7"]
[White "Jobava,Ba"]
[Black "Bosiocic,Mari"]
[Result "1-0"]
[WhiteElo "2701"]
[BlackElo "2602"]

1.Nf3 Nf6 2.c4 e6 3.g3 d5 4.Bg2 Be7 5.O-O O-O 6.Qc2 c5 7.d4 Na6 8.dxc5 Bd7
9.Ne5 Nxc5 10.Nxd7 Qxd7 11.Rd1 Qa4 12.b3 Qa6 13.cxd5 Rac8 14.Nc3 b5 15.dxe6
Nxe6 16.Qb2 b4 17.Na4 Ng4 18.Rb1 Bf6 19.Qd2 Rfd8 20.Qe1 Nd4 21.Rd2 Re8 22.e3
Nb5 23.Qe2 h5 24.h3 Nxe3 25.fxe3 Bc3 26.Rd5 Qg6 27.Qd3 Qxg3 28.Qxb5 Rcd8
29.Nxc3 bxc3 30.Rxd8 Rxd8 31.Qe2 f5 32.Ba3 {#r} 1-0

[Event "Aeroflot Open A 2017"]
[Site "masterchessopen.com Moscow RUS"]
[Date "2017.02.24"]
[Round "4.8"]
[White "Vavulin,M"]
[Black "Mamedov,Rau"]
[Result "0-1"]
[WhiteElo "2604"]
[BlackElo "2688"]

1.e4 c5 2.Nf3 Nc6 3.Nc3 g6 4.d4 cxd4 5.Nxd4 Bg7 6.Be3 Nf6 7.Bc4 O-O 8.Bb3 d6
9.f3 Bd7 10.Qd2 Nxd4 11.Bxd4 b5 12.h4 a5 13.h5 a4 14.Bd5 b4 15.Bxf6 exf6
16.Ne2 Rc8 17.hxg6 hxg6 18.g4 Be6 19.Bxe6 fxe6 20.Nf4 Re8 21.Nxg6 Qc7 22.Nf4
a3 23.Kd1 axb2 24.Rb1 Qc3 25.Nd3 Qxd2+ 26.Kxd2 f5 27.gxf5 exf5 28.exf5 Bc3+
29.Kd1 Ra8 30.Nxb2 Rxa2 31.Nd3 Kf7 32.Kc1 b3 33.Rh2 Rg8 34.Rh7+ Kf8 {#R} 0-1

[Event "Aeroflot Open A 2017"]
[Site "masterchessopen.com Moscow RUS"]
[Date "2017.02.24"]
[Round "4.14"]
[White "Fedoseev,Vl3"]
[Black "Kraemer,Mart"]
[Result "1-0"]
[WhiteElo "2658"]
[BlackElo "2571"]

1.d4 Nf6 2.c4 e6 3.Nf3 d5 4.Nc3 c6 5.Bg5 h6 6.Bxf6 Qxf6 7.e3 g6 8.Be2 Bg7
9.O-O O-O 10.e4 Nd7 11.cxd5 exd5 12.exd5 c5 13.Ne4 Qb6 14.dxc5 Nxc5 15.Nxc5
Qxc5 16.Rc1 Qb4 17.b3 Rd8 18.Qe1 Qd6 19.Rd1 Bd7 20.Qa5 Rac8 21.Rc1 a6 22.Nd2
Bd4 23.Nc4 Qf6 24.Qd2 Kg7 25.Bf3 Bb5 26.Rfd1 Bc5 27.Na5 Qb6 28.Rxc5 {#r} 1-0

[Event "Aeroflot Open A 2017"]
[Site "masterchessopen.com Moscow RUS"]
[Date "2017.02.24"]
[Round "4.18"]
[White "Swiercz,D"]
[Black "Narayanan,SL"]
[Result "0-1"]
[WhiteElo "2645"]
[BlackElo "2524"]

1.e4 e5 2.Nf3 Nc6 3.Bc4 Bc5 4.O-O Nf6 5.d3 d6 6.c3 a6 7.a4 Ba7 8.Re1 h6 9.Nbd2
O-O 10.h3 Re8 11.b4 Be6 12.Bxe6 Rxe6 13.Qc2 Ne7 14.Nf1 Ng6 15.Ng3 d5 16.Rb1
Qd7 17.c4 c6 18.c5 Bb8 19.Nf5 Bc7 20.Be3 Ne7 21.g4 Ng6 22.Kh1 Rd8 23.Rbd1 h5
24.g5 Nh7 25.Qb2 Ree8 26.Kg2 Nhf8 27.Ng1 Ne6 28.Ne2 d4 29.Bc1 Ngf4+ 30.Nxf4
exf4 31.h4 g6 32.Nh6+ Kh7 33.e5 f6 34.exf6 f3+ 35.Kg1 Nxg5 36.Qa2 Qh3 37.Qg8+
Rxg8 38.Re7+ Kh8 {#R} 0-1

[Event "Aeroflot Open A 2017"]
[Site "masterchessopen.com Moscow RUS"]
[Date "2017.02.24"]
[Round "4.19"]
[White "Narayanan,Sri"]
[Black "Kuzubov,Y"]
[Result "1-0"]
[WhiteElo "2474"]
[BlackElo "2643"]

1.e4 c5 2.Nf3 d6 3.d4 cxd4 4.Nxd4 Nf6 5.Nc3 a6 6.h3 e5 7.Nde2 b5 8.g4 b4 9.Nd5
Nxd5 10.Qxd5 Ra7 11.Be3 Be6 12.Qd3 Rb7 13.Bg2 Be7 14.Ng3 g6 15.O-O Qc7 16.Rfd1
O-O 17.Bh6 Rc8 18.Nf5 Bf8 19.Qe3 Rb6 20.Rd2 f6 21.Bxf8 Rxf8 22.Ng3 Nd7 23.a3
a5 24.axb4 axb4 25.b3 Nc5 26.Ne2 Bf7 27.h4 Rc6 28.f4 exf4 29.Nxf4 Re8 30.Qd4
Qb6 31.Kh1 Re5 32.Ra8+ Kg7 33.g5 fxg5 34.Nd5 Bxd5 35.exd5 Rc7 36.Re8 Nd7
37.Re7+ Kf6 38.Qxb6 Nxb6 39.Rxc7 {#r} 1-0

[Event "Aeroflot Open A 2017"]
[Site "masterchessopen.com Moscow RUS"]
[Date "2017.02.24"]
[Round "4.26"]
[White "Goganov,A"]
[Black "Xu,Yinglun"]
[Result "1-0"]
[WhiteElo "2632"]
[BlackElo "2540"]

1.d4 d5 2.c4 e6 3.Nc3 Nf6 4.cxd5 exd5 5.Bg5 c6 6.e3 h6 7.Bh4 Bf5 8.Qf3 Bg6
9.Bxf6 Qxf6 10.Qxf6 gxf6 11.Nf3 Nd7 12.Nh4 Nb6 13.f4 f5 14.Bd3 Nc4 15.Bxf5
Bxf5 16.Nxf5 Nxb2 17.Ke2 Rg8 18.g3 Nc4 19.e4 dxe4 20.Nxe4 O-O-O 21.Kf3 Rg6
22.g4 Re6 23.Rac1 b5 24.h4 Bb4 25.g5 hxg5 26.hxg5 Rd5 27.Neg3 c5 28.dxc5 Bd2
29.Rh8+ Kc7 30.Rch1 Ra6 31.R1h7 Ra3+ 32.Kg4 Rd7 33.Ne4 Ra4 34.Nfd6 {#r} 1-0

[Event "Aeroflot Open A 2017"]
[Site "masterchessopen.com Moscow RUS"]
[Date "2017.02.24"]
[Round "4.27"]
[White "Buhmann,R"]
[Black "Gabrielian,A"]
[Result "1-0"]
[WhiteElo "2625"]
[BlackElo "2532"]

1.e4 e5 2.Nf3 Nc6 3.Bb5 a6 4.Ba4 Nf6 5.O-O Be7 6.Re1 b5 7.Bb3 d6 8.a4 b4 9.d4
O-O 10.dxe5 Nxe5 11.Nxe5 dxe5 12.Qe2 Bb7 13.Nd2 Bc5 14.Bc4 a5 15.Bd3 Re8
16.Nb3 Bb6 17.c3 bxc3 18.bxc3 Bc6 19.Bg5 h6 20.Bh4 g5 21.Bg3 Qd7 22.Bc2 Qg4
23.Qxg4 Nxg4 24.c4 Bd7 25.c5 Ba7 26.f3 Nf6 27.Bf2 Be6 28.Nxa5 Bxc5 29.Bxc5
Rxa5 30.Bb4 Ra7 31.Bc5 Ra5 32.Bb4 Ra7 33.a5 Nd7 34.Reb1 c5 35.Bc3 Bc4 36.Ba4
Bd3 37.Rb6 Nxb6 38.Bxe8 Nc8 39.Ra2 Nd6 40.Bc6 f6 41.Rd2 c4 42.Rb2 Kg7 43.Rb8
Rc7 44.Bd5 {#r} 1-0

[Event "Aeroflot Open A 2017"]
[Site "masterchessopen.com Moscow RUS"]
[Date "2017.02.24"]
[Round "4.32"]
[White "Moskalenko,A"]
[Black "Maghsoodloo,Parham"]
[Result "1-0"]
[WhiteElo "2488"]
[BlackElo "2575"]

1.Nf3 d5 2.d4 Nf6 3.Bf4 c5 4.e3 Nc6 5.Nbd2 Bg4 6.c3 Qb6 7.dxc5 Qxc5 8.Qb3 Qb6
9.Ne5 Qxb3 10.axb3 Nxe5 11.Bxe5 Nd7 12.Bg3 e5 13.f3 Be6 14.e4 dxe4 15.fxe4 Bd6
16.Bc4 Ke7 17.Bh4+ f6 18.b4 a6 19.Bxe6 Kxe6 20.Ke2 Rac8 21.Bf2 g6 22.Rad1 Rhg8
23.g4 Rh8 24.Rhg1 Be7 25.Nf1 Nf8 26.Ng3 Kf7 27.Be3 Ne6 28.Rgf1 Rcd8 29.Rd5 Bd6
30.Rfd1 Ke7 31.Kf3 Bc7 32.c4 Ke8 33.h4 Rf8 34.h5 Ng5+ 35.Ke2 Ne6 36.Kf3 Ng5+
37.Kf2 Ne6 38.hxg6 hxg6 39.Rh1 Bd6 40.c5 {#r} 1-0

[Event "Aeroflot Open A 2017"]
[Site "masterchessopen.com Moscow RUS"]
[Date "2017.02.24"]
[Round "4.33"]
[White "Adhiban,Baskaran"]
[Black "Ramirez,Alej"]
[Result "0-1"]
[WhiteElo "2682"]
[BlackElo "2549"]

1.Nf3 c5 2.c4 b6 3.d4 cxd4 4.Nxd4 Bb7 5.f3 e6 6.e4 Nc6 7.Nc3 Qb8 8.Be3 Bc5
9.Qd2 Nge7 10.O-O-O O-O 11.Ndb5 d6 12.Nxd6 Rd8 13.Bxc5 bxc5 14.Qf4 f6 15.Qg3
a6 16.Be2 Nd4 17.e5 fxe5 18.Nxb7 Nef5 19.Qf2 Qxb7 20.Bd3 Rab8 21.Rhe1 Qc7
22.g4 Nd6 23.Re3 Rb4 24.Qh4 h6 25.Rxe5 Rdb8 26.Rxe6 Rxb2 27.Nd5 Qa5 28.Qh5
Nxe6 29.Ne7+ Kf8 30.Ng6+ Kf7 31.Qe5 Qa3 32.Nh8+ Kg8 33.Qxe6+ Kxh8 {#R} 0-1

[Event "Aeroflot Open A 2017"]
[Site "masterchessopen.com Moscow RUS"]
[Date "2017.02.24"]
[Round "4.36"]
[White "Bindrich,F"]
[Black "Lorparizangeneh,S"]
[Result "1-0"]
[WhiteElo "2590"]
[BlackElo "2519"]

1.d4 Nf6 2.c4 g6 3.Nf3 Bg7 4.g3 O-O 5.Bg2 c6 6.Nc3 d5 7.cxd5 cxd5 8.Ne5 Bf5
9.O-O Ne4 10.Bf4 Nc6 11.Rc1 Nxc3 12.bxc3 Na5 13.Qa4 Rc8 14.Rfd1 Re8 15.c4 f6
16.Bd2 fxe5 17.Bxa5 b6 18.Be1 exd4 19.cxd5 Qd7 20.Rc6 e5 21.e4 dxe3 22.fxe3
Bh6 23.Bf2 e4 24.Bf1 Bg4 25.Rdc1 Kh8 26.Qd4+ Bg7 27.Qc4 Rcd8 28.d6 Re6 29.h3
Bf3 30.Qa6 Rxd6 31.Rc7 Qe6 32.Qxa7 Qe5 33.Be1 Rd3 34.Rxg7 Qxg7 35.Rc7 Qf6
36.Bxd3 exd3 37.Bc3 Qxc3 38.Rxh7+ {#r} 1-0

[Event "Aeroflot Open A 2017"]
[Site "masterchessopen.com Moscow RUS"]
[Date "2017.02.24"]
[Round "4.37"]
[White "Kuybokarov,Temur"]
[Black "Lalith,B"]
[Result "1-0"]
[WhiteElo "2491"]
[BlackElo "2584"]

1.e4 c6 2.d4 d5 3.e5 Bf5 4.Nf3 e6 5.Be2 Nd7 6.O-O Ne7 7.Nh4 Be4 8.Nd2 c5 9.c3
Nc6 10.Nxe4 dxe4 11.g3 Be7 12.d5 Ncxe5 13.f4 exf3 14.Nxf3 O-O 15.dxe6 fxe6
16.Bf4 Bf6 17.Re1 Kh8 18.Qb3 Qb6 19.Qxb6 axb6 20.Bxe5 Nxe5 21.Nxe5 Bxe5 22.Bc4
Bd6 23.Rad1 Rad8 24.Rxe6 Bc7 25.Rxd8 Bxd8 26.a4 g6 27.Rd6 Kg7 28.Rd7+ Kf6
29.Rxh7 Be7 30.Kg2 b5 31.axb5 b6 32.h4 Bd8 33.Rd7 Ke5 34.Rd5+ Ke4 35.Rd6 g5
36.h5 Rh8 37.h6 Ke5 38.Re6+ Kf5 39.h7 {#r} 1-0

[Event "Aeroflot Open A 2017"]
[Site "masterchessopen.com Moscow RUS"]
[Date "2017.02.24"]
[Round "4.38"]
[White "Praggnanandhaa,R"]
[Black "Van Foreest,Jorden"]
[Result "0-1"]
[WhiteElo "2455"]
[BlackElo "2584"]

1.Nf3 d5 2.g3 Nc6 3.d4 Bf5 4.Bg2 Nb4 5.Na3 e6 6.O-O h6 7.c3 Nc6 8.c4 Bxa3
9.bxa3 dxc4 10.Qa4 Be4 11.Qxc4 Qd5 12.Qa4 Ne7 13.Bb2 b5 14.Qd1 O-O 15.e3 Na5
16.Bc3 Nc4 17.a4 a6 18.Ne1 Rfb8 19.a3 Bxg2 20.Nxg2 Qc6 21.Bb4 Nd5 22.a5 Rd8
23.Qb3 e5 24.Rfd1 exd4 25.Rxd4 Nxb4 26.Rxd8+ Rxd8 27.Qxb4 Qf3 28.Qb3 Nd2
29.Qc2 Qe2 30.Kh1 c5 31.f4 c4 32.Rd1 Rd3 33.Re1 Qh5 34.Nh4 Qd5+ 35.e4 Nxe4
36.Qg2 c3 37.Nf3 Rd2 38.Nxd2 cxd2 39.Rd1 Nf2+ {#R} 0-1

[Event "Aeroflot Open A 2017"]
[Site "masterchessopen.com Moscow RUS"]
[Date "2017.02.24"]
[Round "4.40"]
[White "Xu,Yi"]
[Black "Idani,P"]
[Result "0-1"]
[WhiteElo "2444"]
[BlackElo "2563"]

1.e4 c5 2.Nf3 d6 3.Bb5+ Nd7 4.O-O a6 5.Bd3 Ngf6 6.Re1 g6 7.c3 Bg7 8.Bc2 b5
9.d4 cxd4 10.cxd4 Bb7 11.e5 dxe5 12.dxe5 Nd5 13.e6 fxe6 14.Ng5 Nc5 15.Nxh7 Qd6
16.Bxg6+ Kd7 17.h3 Rag8 18.Ng5 Bf6 19.Nf7 Rxg6 20.Nxd6 exd6 21.g3 Rxh3 22.Kf1
Nb4 23.Ke2 Nbd3 24.Rf1 Rgxg3 25.fxg3 Rh2+ 26.Ke3 Bg5+ 27.Rf4 Nxf4 28.gxf4 Rh3+
29.Kf2 Bh4+ 30.Kf1 Rh1+ 31.Ke2 Bf3+ 32.Kxf3 Rxd1 33.Nc3 Rf1+ 34.Ke2 Rf2+
35.Ke3 Rc2 36.Rb1 Bf2+ 37.Kf3 Nd3 {#R} 0-1

[Event "Aeroflot Open A 2017"]
[Site "masterchessopen.com Moscow RUS"]
[Date "2017.02.24"]
[Round "4.44"]
[White "Donchenko,Alexa"]
[Black "Harutyunian,T"]
[Result "1-0"]
[WhiteElo "2553"]
[BlackElo "2515"]

1.Nf3 d5 2.g3 Nf6 3.Bg2 e6 4.O-O Be7 5.c4 O-O 6.d4 dxc4 7.Qc2 a6 8.a4 Bd7
9.Qxc4 Bc6 10.Bf4 Bd6 11.Qc1 a5 12.Nc3 Ra6 13.Rd1 Rb6 14.Bd2 Na6 15.Ne5 Bxg2
16.Kxg2 Bxe5 17.dxe5 Nd7 18.Be3 Rc6 19.Qd2 Nab8 20.Ne4 b6 21.Bg5 Qc8 22.Qf4
Rc4 23.f3 Qa6 24.Rd2 Nc5 25.Be7 Rc8 26.Rad1 Nc6 27.Bxc5 bxc5 28.Rd7 Rf8
29.R1d2 Qc8 30.Qg5 h6 31.Qh4 Nd4 32.Nf6+ gxf6 33.exf6 Nf5 34.Qh5 Rd4 35.R7xd4
cxd4 36.g4 Ne3+ 37.Kf2 e5 38.Qxh6 Qxg4 39.Qxf8+ Kxf8 40.fxg4 Nxg4+ 41.Kf3 Nxf6
42.Rc2 e4+ 43.Kf4 d3 44.Rd2 dxe2 45.Rxe2 c5 46.Rc2 {#r} 1-0

[Event "Aeroflot Open A 2017"]
[Site "masterchessopen.com Moscow RUS"]
[Date "2017.02.24"]
[Round "4.48"]
[White "Swapnil,SD"]
[Black "Gusain,H"]
[Result "1-0"]
[WhiteElo "2534"]
[BlackElo "2438"]

1.d4 f5 2.c4 Nf6 3.Nc3 d6 4.Nf3 g6 5.g3 Bg7 6.Bg2 O-O 7.O-O Qe8 8.Re1 Qf7 9.e4
fxe4 10.Ng5 Qxc4 11.Ngxe4 c6 12.d5 Bg4 13.Qd2 Bf5 14.Nxf6+ Bxf6 15.dxc6 bxc6
16.Nd5 Nd7 17.Nxe7+ Bxe7 18.Rxe7 Ne5 19.b3 Qb5 20.Bb2 Rf6 21.f4 Rf7 22.Rxf7
Nxf7 23.Qd4 Qb6 24.Bxc6 Rc8 25.Re1 Kf8 26.Bf3 Rc2 27.Qxb6 axb6 28.Re2 Rc7
29.a4 Bc8 30.Bd4 Bb7 31.Kf2 Bxf3 32.Kxf3 Rb7 33.Ke4 d5+ 34.Kxd5 Rd7+ 35.Kc4
Nd6+ 36.Kb4 Nc8 37.Bf2 Rc7 38.Kb5 Rc3 39.b4 Rb3 40.Rc2 Nd6+ 41.Kxb6 {#r} 1-0

[Event "Aeroflot Open B 2017"]
[Site "masterchessopen.com Moscow RUS"]
[Date "2017.02.24"]
[Round "4.11"]
[White "Lavrik,D"]
[Black "Yudin,S"]
[Result "1-0"]
[WhiteElo "2414"]
[BlackElo "2523"]

1.d4 d5 2.c4 e6 3.Nc3 c6 4.e4 Bb4 5.e5 Ne7 6.Nf3 c5 7.a3 Bxc3+ 8.bxc3 Nbc6
9.Bd3 dxc4 10.Bxc4 cxd4 11.cxd4 b6 12.O-O Bb7 13.Bd3 Qd7 14.Be3 Rd8 15.Qc2 Nf5
16.d5 Qxd5 17.Be4 Qd7 18.Rfd1 Qc8 19.Bg5 Rxd1+ 20.Rxd1 O-O 21.g4 Nfe7 22.Bxh7+
Kh8 23.Be4 Ng6 24.Qe2 Kg8 25.h4 Re8 26.h5 Nf8 27.Qe3 Ne7 28.Bf6 Bxe4 29.Bxg7
Bxf3 30.Qh6 f6 31.Bxf6 {#r} 1-0

[Event "Aeroflot Open B 2017"]
[Site "masterchessopen.com Moscow RUS"]
[Date "2017.02.24"]
[Round "4.15"]
[White "Tsydypov,Z"]
[Black "Stathopoulos,I"]
[Result "1-0"]
[WhiteElo "2485"]
[BlackElo "2387"]

1.e4 c5 2.Nf3 d6 3.d4 cxd4 4.Nxd4 Nf6 5.Nc3 a6 6.Bg5 Nbd7 7.Qe2 h6 8.Bh4 g6
9.f4 e5 10.Nf3 Qc7 11.O-O-O b5 12.a3 Bb7 13.g4 Rc8 14.Rg1 Be7 15.f5 Qa5 16.Be1
b4 17.Nd5 Nxd5 18.exd5 Qa4 19.Bxb4 Nb6 20.Nxe5 O-O 21.Nc6 Bg5+ 22.Kb1 Nxd5
23.Rxd5 Rfe8 24.Qd1 Qxc6 25.Bg2 Qc7 26.fxg6 Bxd5 27.Bxd5 Re5 28.Bxf7+ Kg7
29.Bxd6 Qa5 30.b4 Rb5 31.Be5+ Kf8 32.Qd6+ Be7 33.g7+ Kxf7 34.Rf1+ Kg8 35.Qe6+
{#r} 1-0

[Event "Aeroflot Open B 2017"]
[Site "masterchessopen.com Moscow RUS"]
[Date "2017.02.24"]
[Round "4.19"]
[White "Tunik,G"]
[Black "Oganian,M"]
[Result "0-1"]
[WhiteElo "2395"]
[BlackElo "2452"]

1.d4 Nf6 2.c4 c5 3.Nf3 cxd4 4.Nxd4 e5 5.Nb5 d5 6.cxd5 Bc5 7.N5c3 O-O 8.e3 e4
9.Be2 Qe7 10.a3 Rd8 11.b4 Bd6 12.Ra2 a5 13.b5 Nbd7 14.Na4 Qe5 15.h4 h5 16.Nd2
Qxd5 17.Nc4 Qxd1+ 18.Bxd1 Ne5 19.Nxe5 Bxe5 20.Rd2 Be6 21.Nb6 Rab8 22.Rxd8+
Rxd8 23.Bd2 Rd3 24.Bxa5 Rxa3 25.Bb4 Ra1 26.O-O Rb1 27.Be7 Rxb5 28.Bd8 Rb1
29.Be2 Rb2 30.Re1 Rc2 31.Bxf6 Bxf6 32.Bxh5 g6 33.Bd1 Rc6 34.Na8 Bc3 35.Rf1 Bc4
{#R} 0-1

[Event "Aeroflot Open B 2017"]
[Site "masterchessopen.com Moscow RUS"]
[Date "2017.02.24"]
[Round "4.20"]
[White "Chen,Qi b"]
[Black "Kostenko,P"]
[Result "1-0"]
[WhiteElo "2328"]
[BlackElo "2441"]

1.e4 e6 2.d4 d5 3.Nd2 c5 4.Ngf3 cxd4 5.exd5 Qxd5 6.Bc4 Qd7 7.O-O Nc6 8.Nb3 Nf6
9.Nbxd4 Nxd4 10.Qxd4 Qxd4 11.Nxd4 Bd7 12.Be2 Rc8 13.Bf3 Bc5 14.Be3 e5 15.Nb3
Bxe3 16.fxe3 Rxc2 17.Rac1 Rxb2 18.Rc7 e4 19.Bd1 Rxa2 20.Nc5 Rf8 21.Bb3 Rd2
22.Rxb7 a6 23.Rxf6 gxf6 24.Nxd7 Rxd7 25.Ba4 Ke7 26.Rxd7+ Ke6 27.Ra7 Rb8
28.Rxa6+ Ke5 29.Ra5+ Ke6 30.Rb5 Rxb5 31.Bxb5 Ke5 32.Bc4 f5 33.g3 {#r} 1-0